|
|
|
|
| LEADER |
00000nam a2200000 i 4500 |
| 001 |
DIGBRUJ025 |
| 003 |
NyNyDIG |
| 008 |
210111s2013 ag ob 000 0 spa d |
| 006 |
m o d |
| 007 |
cr ||||||||||| |
| 035 |
|
|
|a (OCoLC)1230270989
|
| 040 |
|
|
|a DGITA
|b eng
|e rda
|e pn
|c DGITA
|
| 020 |
|
|
|a 9789871925223
|q eBook
|
| 020 |
|
|
|a 9871925220
|q eBook
|
| 020 |
|
|
|z 9789872326883
|
| 020 |
|
|
|z 9872326886
|
| 050 |
1 |
4 |
|a SB199 ebook
|
| 100 |
1 |
|
|a Díaz, Raúl Osvaldo,
|e author.
|
| 245 |
1 |
0 |
|a Utilización de pastizales naturales /
|c Raúl Osvaldo Díaz.
|
| 264 |
|
1 |
|a Córdoba, Argentina :
|b Encuentro Grupo Editor,
|c [2013]
|
| 300 |
|
|
|a 1 online resource.
|
| 336 |
|
|
|a text
|b txt
|2 rdacontent
|
| 337 |
|
|
|a computer
|b c
|2 rdamedia
|
| 338 |
|
|
|a online resource
|b cr
|2 rdacarrier
|
| 347 |
|
|
|a text file
|2 rdaft
|
| 347 |
|
|
|b PDF
|
| 504 |
|
|
|a Includes bibliographical references.
|
| 588 |
0 |
|
|a Online resource; title from PDF title page (Digitalia, viewed January 15, 2021)
|
| 650 |
|
0 |
|a Pastures.
|
| 650 |
|
0 |
|a Meadows.
|
| 655 |
|
0 |
|a Electronic books.
|
| 791 |
2 |
|
|a Digitalia (Firm),
|e distributor.
|
| 793 |
0 |
|
|g Digitalia eBook Collection:
|a Editorial Brujas
|
| 776 |
0 |
8 |
|i Print version:
|a Diaz, Raúl Osvaldo.
|t Utilización de pastizales naturales.
|b Edición 2013 revisada.
|d Córdoba, Argentina : Editorial Brujas, [2013]
|z 9789872326883
|
| 856 |
4 |
0 |
|3 Digitalia Hispánica
|u https://www.digitaliapublishing.com/a/35400/
|
| 910 |
|
|
|a Premium collection: 2021
|